00556nam a2200205 a 4500001001300000003000900013005001700022008004100039020002300080082002000103100002000123245004700143260003600190300000900226500003500235505001700270650003500287650000800322700002000330nice12345678IN_TiNIC20260116013751.0050524s1999 newa grp 000 0 eng  a8173045 c80000a324.245408bGHO aGhosh, Partha S aBJP and the Evolution of Hindu Nationalism aNew Delhi bManohar Pub. c1999 a405p aincludes index and biblioraphy2 aBibliography aReligious Fundamentalism-Hindu aBJP1 aGhosh, Partha S